[Event "World Junior U20 Open 2018"]
[Site "Gebze"]
[Date "2018.09.08"]
[Round "5.52"]
[White "Escalante Ramirez, Brian Sebasti"]
[Black "Kilic, Efe Mert"]
[Result "1-0"]
[WhiteElo "2436"]
[BlackElo "2269"]
[Annotator "TA"]
[PlyCount "69"]
[EventDate "2018.09.05"]
[EventType "swiss"]
[EventCountry "TUR"]
[SourceTitle "playchess.com"]
[Source "ChessBase"]
[SourceQuality "1"]

{[%evp 16,69,85,83,83,65,78,81,73,53,52,25,16,3,22,-12,39,42,30,37,41,50,106,120,182,170,183,182,156,147,151,137,148,71,150,150,149,76,1137,1106,1341,1341,1310,1246,1560,1477,1769,1759,29976,29978,29976,29978,29996,29997,29997,29998]} 1. e4 c6 2. d4 d5 3. f3 {[%cal Bf2f3,Bf3e4,Be4e5][%mdl 32]} g6 4. Nc3 Bg7 5. Be3 dxe4 6. fxe4 Nf6 7. Nf3 O-O 8. Qd2 {B15: Caro-Kann: 3 Nc3: 3...g6 and 3...dxe4 4 Nxe4 Nf6 5 Nxf6+ exf6} b5 (8... Ng4 9. Bg5 h6 10. Bh4 c5 11. Nd5 Nf6 12. Nxf6+ exf6 13. O-O-O cxd4 14. Nxd4 Qe8 15. Re1 Nc6 {1-0 (51) Saptarshi,R (2476)-Nomin Erdene,D (2356) Backi Petrovac 2018}) 9. e5 {LiveBook: 3 Games} Nd5 10. Bh6 {White is better.} Nxc3 11. bxc3 Bf5 $146 ({Predecessor:} 11... Bg4 12. Bd3 b4 13. Bxg7 Kxg7 14. O-O bxc3 15. Qxc3 Bxf3 16. Rxf3 {1-0 (56) Odinaev,T (2267)-Konyshev,A (2290) Kemerovo 2007}) 12. Bxg7 Kxg7 13. Bd3 Bxd3 14. cxd3 Qd5 15. Qe2 Nd7 (15... Na6 $11) 16. O-O $14 {Strongly threatening c4.} Nb6 17. Rac1 h6 18. c4 Qe6 {[#]} (18... Qd7 $14) 19. d5 $1 $16 {[%mdl 512]} cxd5 (19... Qg4 $16 {was called for.}) 20. Nd4 $18 ({Don't do} 20. cxb5 Qd7 $16) 20... Qc8 {[%cal Rd5c4]} 21. cxb5 Qb7 22. Rf3 $36 {[%mdl 2048] Keeping Black busy.} e6 23. Qe3 Qe7 24. Rf6 (24. Rcf1 $142) 24... Rac8 ({Black should play} 24... Nd7) 25. Rcf1 $16 Nd7 26. h4 ({White should try} 26. a4) 26... Qc5 $2 {[%mdl 8192] [#]} (26... Qa3 $16) 27. Rxf7+ $1 $18 {[%mdl 512]} Rxf7 28. Nxe6+ Kg8 29. Nxc5 {Intending Rxf7 and mate.} Nxc5 30. Rc1 Rfc7 31. Qxh6 Kf7 32. d4 {White mates.} Ne6 33. Qh7+ Ng7 34. Rf1+ Ke8 35. Qg8+ {Precision: White = 72%, Black = 38%.} 1-0

[Event "World Junior U20 Open 2018"]
[Site "Gebze"]
[Date "2018.09.08"]
[Round "5.53"]
[White "Garidmagnai, Byambasuren"]
[Black "Zarubitski, Viachaslau"]
[Result "1/2-1/2"]
[WhiteElo "2287"]
[BlackElo "2425"]
[Annotator "TA"]
[PlyCount "106"]
[EventDate "2018.09.05"]
[EventType "swiss"]
[EventCountry "TUR"]
[SourceTitle "playchess.com"]
[Source "ChessBase"]
[SourceQuality "1"]

{[%evp 10,106,7,0,0,-20,-10,-12,-8,-30,-31,-33,-37,-64,-54,-41,0,0,0,0,39,31,38,46,42,36,41,-35,-23,-30,-28,-213,-23,-20,42,36,62,58,60,54,54,50,71,56,72,72,67,75,71,43,48,52,43,41,57,61,46,58,57,60,85,45,139,137,132,113,111,100,116,100,85,100,110,100,100,109,108,123,117,123,147,159,258,258,255,252,377,377,377,377,377,8,8,8,377,8,8,8,377]} 1. Nf3 d5 2. b3 Bf5 3. Bb2 e6 4. e3 Nf6 5. Be2 h6 6. d3 {LiveBook: 3 Partien. A06: Zukertort-Eröffnung} (6. O-O Bd6 7. c4 O-O 8. Nc3 c6 9. d3 Qe7 10. a3 Nbd7 11. b4 Rad8 12. Qb3 a6 13. Rad1 Rfe8 14. Rfe1 {1-0 (58) Vachier Lagrave,M (2796)-So,W (2812) Leuven 2017}) 6... Be7 7. Nbd2 O-O 8. Ne5 Nbd7 9. f4 Nxe5 10. fxe5 Nd7 11. Bg4 Bh7 12. O-O Bc5 $146 ({Vorgänger:} 12... c6 13. Qe2 Qc7 14. Nf3 {½-½ (39) Gelashvili,T (2604)-Bhat,V (2450) Benasque 2007}) 13. d4 Bb6 14. c4 c5 15. cxd5 cxd4 16. Nc4 dxe3 17. Nxb6 Qxb6 18. Kh1 ({Günstiger ist} 18. Re1 $14) 18... Rad8 $15 {Droht ...Sxe5! und aus.} 19. d6 Rc8 20. Bd4 $2 (20. Qd4 $11 {und Weiss muss sich keine Sorgen machen.}) 20... Qa5 $2 (20... Bc2 $19 21. Bxb6 Bxd1 22. Raxd1 axb6) 21. Bf3 Rc2 (21... Qb4 $11 22. a3 (22. Bxa7 $2 b6 $19) (22. Bxe3 Nxe5 23. a3 Qb5 $17) 22... Qb5) 22. Qe1 $1 $36 {[%cal Re1a5][%mdl 2048] Weiss hat Initiative.} Qxe1 23. Rfxe1 b6 24. Rxe3 Rfc8 25. Kg1 Kf8 26. Bb7 Rc1+ 27. Rxc1 Rxc1+ 28. Kf2 Ke8 29. Ba6 Kd8 30. a4 Rc2+ 31. Kg3 Nb8 32. Bb5 Nc6 33. Bc3 Kd7 34. Kf3 Bg6 35. b4 {[%cal Bb3b4,Bb4a5][%mdl 32]} Bh5+ (35... h5 $1 $14) 36. g4 $16 Bg6 37. h3 h5 38. a5 {axb6 ist eine echte Drohung.} bxa5 39. bxa5 hxg4+ 40. hxg4 f6 41. exf6 gxf6 42. Bxf6 Kxd6 43. Bd3 $1 {[%cal Rd3g6]} Bxd3 44. Rxd3+ {[%mdl 4096] Endspiel KTL-KTS} Kc5 45. g5 {[%cal Bg4g5,Bg5g6][%mdl 32]} e5 (45... Rc1 $16 46. Kg2 Rc2+ 47. Kh3 Rf2) 46. g6 $18 {Schwarz muss nun g7 beachten.} Nd4+ {[#]} 47. Kg4 $1 Rg2+ (47... Kd5 {war einen Versuch wert.} 48. Rg3 Ne6) 48. Rg3 Rxg3+ 49. Kxg3 Kd5 50. Kg4 $2 (50. g7 $18 Nf5+ 51. Kh3 Nxg7 52. Bxg7) 50... Ke6 $11 51. Kg5 ({Doch nicht} 51. Bxe5 Kxe5 52. g7 Nf5 $17) 51... a6 $2 {[%mdl 8192] [#]} (51... Nc6 $1 $11) 52. Bd8 $2 (52. Bg7 $1 $18 Nf5 53. Bf6) 52... Nf5 53. Bb6 Ng7 $2 {[%mdl 40960] Precision: Weiß = 44%, Schwarz = 41%. . An unexpected result.} (53... e4 $11) 1/2-1/2

[Event "World Junior U20 Open 2018"]
[Site "Gebze"]
[Date "2018.09.08"]
[Round "5.54"]
[White "Huber, Martin Christian"]
[Black "Wong, Yinn Long"]
[Result "1-0"]
[WhiteElo "2390"]
[BlackElo "2261"]
[Annotator "TA"]
[PlyCount "123"]
[EventDate "2018.09.05"]
[EventType "swiss"]
[EventCountry "TUR"]
[SourceTitle "playchess.com"]
[Source "ChessBase"]
[SourceQuality "1"]

{[%evp 24,123,43,39,57,42,50,54,54,35,54,53,71,49,66,40,61,51,61,52,61,56,73,52,56,34,59,59,102,92,99,0,87,58,86,20,43,39,26,-31,-21,-35,-22,-41,-41,-41,-35,-40,-36,-23,-41,-41,-4,-17,-10,-36,-43,-53,-27,-30,0,-61,-13,-33,0,-56,-62,-66,-69,-47,-60,-52,-51,-52,-54,-74,-58,-60,-61,-60,-61,-57,-58,-112,-125,-117,-121,-99,0,0,0,0,29,16,64,40,6519,6395,29994,29995,29995,29996]} 1. Nf3 c5 2. c4 g6 3. e4 Nc6 4. d4 cxd4 5. Nxd4 Bg7 6. Be3 Qb6 7. Nb3 Qd8 8. Nd4 Qb6 9. Nb3 {B38: Sicilian: Maroczy Bind with 5...Bg7 and 7...0-0} Qd8 10. Qd2 Nf6 11. f3 O-O 12. Nc3 d6 13. Be2 {LiveBook: 7 Games} a5 14. Na4 Nd7 15. O-O b6 16. Nd4 Bb7 17. Nb5 $146 Na7 18. Nac3 Nxb5 19. Nxb5 Rc8 20. Rac1 Ba6 21. b3 Nc5 22. Rfd1 Qd7 23. Bf1 Rfd8 24. Qf2 f5 25. exf5 Bxb5 26. cxb5 Qxf5 27. Bd4 (27. a3 $16) 27... Bf8 (27... Bh6 $11 {remains equal.}) 28. Bb2 Bh6 29. Bc4+ ({Better is} 29. Qd4 $16 e5 30. Qd5+ Qf7 31. Bc4 Be3+ 32. Kf1 Qxd5 33. Bxd5+ Kg7 34. Rc2) 29... e6 $11 30. Qd4 {[#] Black must now prevent Qh8+.} Kf7 $1 31. Qh4 (31. f4 $11) 31... Be3+ $15 32. Kh1 h5 33. Rc3 Bg5 34. Qf2 $1 Bf6 35. Rc2 Bxb2 36. Rxb2 d5 37. Bf1 Qf6 38. Rbd2 Rd7 39. Qe3 Rcd8 40. Qh6 Qg7 (40... d4 $5 {[%cal Rd8h8]} 41. Qh7+ Kf8 42. Qh6+ Kf7 43. Qh7+ Qg7 44. Qxg7+ Kxg7 $15) 41. Qg5 Qf6 42. Qh6 $1 e5 43. Re1 Re8 44. Red1 (44. Kg1 $11) 44... Rh8 45. Qe3 d4 46. Bc4+ Kg7 47. Qe2 Rdd8 48. Rc1 Rhe8 $36 {[%mdl 2048] Black is more active.} 49. Bd3 Rc8 50. Rdc2 Qf4 51. g3 Qg5 52. Be4 Red8 {And now ...d3 would win.} 53. Rxc5 (53. Re1 $15) 53... Rxc5 $17 54. Rxc5 bxc5 $15 {[%mdl 4096] Endgame KQR-KQB} 55. b6 {[#]} Qf6 ({Black should play} 55... d3 $1 $17 {[%cal Rd3e2]} 56. Bxd3 Rb8) 56. b7 $11 Qb6 57. Kg2 Qd6 58. Qb5 Qc7 59. Qa6 Kh8 $2 {[%mdl 8192]} (59... Rd6 $14 60. Qa7 Rd7) 60. Qxg6 $18 Qe7 61. Qh6+ Kg8 62. b8=Q {Precision: White = 42%, Black = 42%.} 1-0

[Event "World Junior U20 Open 2018"]
[Site "Gebze"]
[Date "2018.09.08"]
[Round "5.55"]
[White "Yaran, Siar"]
[Black "Nikolovski, Nikola"]
[Result "0-1"]
[WhiteElo "2271"]
[BlackElo "2388"]
[Annotator "NA"]
[PlyCount "74"]
[EventDate "2018.09.05"]
[EventType "swiss"]
[EventCountry "TUR"]
[SourceTitle "playchess.com"]
[Source "ChessBase"]
[SourceQuality "1"]
[TimeControl "40/5400+30:1800+30"]

1. e4 {[%emt 0:00:30]} c5 {[%emt 0:01:30]} 2. Nf3 {[%emt 0:00:30]} d6 {[%emt 0:00:00]} 3. c3 {[%emt 0:00:30]} Nf6 {[%emt 0:01:00]} 4. Be2 {[%emt 0:00:30]} Nbd7 {[%emt 0:01:30]} 5. d3 {[%emt 0:00:30]} b6 {[%emt 0:03:30]} 6. O-O {[%emt 0:00:00]} Bb7 {[%emt 0:00:30]} 7. Nbd2 {[%emt 0:00:00]} g6 {[%emt 0:01:30]} 8. Re1 {[%emt 0:02:30]} Bg7 {[%emt 0:00:30]} 9. Bf1 {[%emt 0:01:30]} O-O {[%emt 0:02:30]} 10. a3 {[%emt 0:00:00]} Qc7 {[%emt 0:04:30]} 11. b3 {[%emt 0:01:00]} e5 {[%emt 0:06:30]} 12. Bb2 {[%emt 0:00:30]} d5 {[%emt 0:05:30]} 13. Qc2 {[%emt 0:01:30]} Rae8 {[%emt 0:11:30]} 14. Rac1 {[%emt 0:03:30]} Nh5 {[%emt 0:07:30]} 15. exd5 {[%emt 0:09:30]} Bxd5 {[%emt 0:00:30]} 16. d4 {[%emt 0:00:30]} Bc6 {[%emt 0:15:30]} 17. b4 {[%emt 0:12:30]} Re7 {[%emt 0:06:30]} 18. dxc5 {[%emt 0:02:30]} bxc5 {[%emt 0:00:30]} 19. Ne4 {[%emt 0:00:00]} Kh8 {[%emt 0:04:30]} 20. Nfd2 {[%emt 0:05:00]} f5 {[%emt 0:01:30]} 21. Nxc5 {[%emt 0:00:30]} Nxc5 {[%emt 0:01:30]} 22. bxc5 {[%emt 0:00:30]} Nf4 {[%emt 0:00:00]} 23. Nc4 {[%emt 0:04:30]} Ba8 {[%emt 0:01:00]} 24. a4 {[%emt 0:05:30]} Qc6 {[%emt 0:05:15]} 25. Ne3 {[%emt 0:00:30]} Nh3+ {[%emt 0:04:17]} 26. Kh1 {[%emt 0:00:30]} f4 {[%emt 0:00:09]} 27. Nd1 {[%emt 0:00:30]} e4 {[%emt 0:03:37]} 28. c4 {[%emt 0:08:30]} e3 {[%emt 0:09:07]} 29. Bxg7+ {[%emt 0:08:30]} Kxg7 {[%emt 0:00:32]} 30. fxe3 {[%emt 0:00:30]} fxe3 {[%emt 0:00:30]} 31. Nxe3 {[%emt 0:00:30]} Nf2+ {[%emt 0:00:30]} 32. Kg1 {[%emt 0:00:30]} Nh3+ {[%emt 0:00:30]} 33. Kh1 {[%emt 0:00:30]} Nf2+ {[%emt 0:00:30]} 34. Kg1 {[%emt 0:00:30]} Qxc5 {[%emt 0:00:30]} 35. Qc3+ {[%emt 0:00:30]} Kg8 {[%emt 0:00:30]} 36. Rc2 {[%emt 0:00:30]} Ng4 {[%emt 0:00:14]} 37. Rce2 {[%emt 0:01:30]} Rfe8 {[%emt 0:00:06]} 0-1

[Event "World Junior U20 Open 2018"]
[Site "Gebze"]
[Date "2018.09.08"]
[Round "5.56"]
[White "Petkov, Momchil"]
[Black "Macovei, Andrei"]
[Result "0-1"]
[WhiteElo "2163"]
[BlackElo "2385"]
[Annotator "NA"]
[PlyCount "76"]
[EventDate "2018.09.05"]
[EventType "swiss"]
[EventCountry "TUR"]
[SourceTitle "playchess.com"]
[Source "ChessBase"]
[SourceQuality "1"]
[TimeControl "40/5400+30:1800+30"]

1. d4 {[%emt 0:00:30]} Nf6 {[%emt 0:01:30]} 2. Bf4 {[%emt 0:00:00]} g6 {[%emt 0:03:30]} 3. e3 {[%emt 0:00:00]} Bg7 {[%emt 0:00:00]} 4. Nf3 {[%emt 0:00:30]} d6 {[%emt 0:01:00]} 5. h3 {[%emt 0:01:30]} O-O {[%emt 0:00:30]} 6. Be2 {[%emt 0:00:00]} b6 {[%emt 0:00:30]} 7. O-O {[%emt 0:01:00]} Bb7 {[%emt 0:00:00]} 8. c4 {[%emt 0:01:30]} Nbd7 {[%emt 0:01:00]} 9. Nc3 {[%emt 0:00:30]} Re8 {[%emt 0:00:30]} 10. Bh2 {[%emt 0:05:30]} e5 {[%emt 0:01:30]} 11. a4 {[%emt 0:04:30]} a5 {[%emt 0:01:30]} 12. Nb5 {[%emt 0:03:30]} Ne4 {[%emt 0:02:30]} 13. Rc1 {[%emt 0:08:30]} f5 {[%emt 0:05:30]} 14. Qb3 {[%emt 0:09:30]} Kh8 {[%emt 0:02:30]} 15. Rfe1 {[%emt 0:02:30]} Nb8 {[%emt 0:11:30]} 16. c5 {[%emt 0:11:30]} Na6 {[%emt 0:07:30]} 17. cxd6 {[%emt 0:02:30]} cxd6 {[%emt 0:00:00]} 18. Nc7 {[%emt 0:13:30]} Nxc7 {[%emt 0:10:00]} 19. Qxb6 {[%emt 0:00:30]} Ne6 {[%emt 0:01:30]} 20. Qxb7 {[%emt 0:00:30]} exd4 {[%emt 0:00:00]} 21. exd4 {[%emt 0:06:30]} Nxd4 {[%emt 0:02:00]} 22. Nxd4 {[%emt 0:07:38]} Bxd4 {[%emt 0:01:30]} 23. Rc7 {[%emt 0:00:39]} Qh4 {[%emt 0:01:30]} 24. Rd1 {[%emt 0:08:08]} Bxf2+ {[%emt 0:01:30]} 25. Kh1 {[%emt 0:02:14]} Rab8 {[%emt 0:03:30]} 26. Qd5 {[%emt 0:01:31]} Bb6 {[%emt 0:00:30]} 27. Bg1 {[%emt 0:02:26]} Ng3+ {[%emt 0:00:30]} 28. Kh2 {[%emt 0:00:30]} Bxg1+ {[%emt 0:00:30]} 29. Rxg1 {[%emt 0:00:16]} Qf4 {[%emt 0:00:30]} 30. Rd1 {[%emt 0:00:56]} Nxe2+ {[%emt 0:02:30]} 31. Kh1 {[%emt 0:00:08]} Ng3+ {[%emt 0:00:00]} 32. Kh2 {[%emt 0:01:20]} Ne4+ {[%emt 0:01:00]} 33. Kg1 {[%emt 0:00:16]} Rxb2 {[%emt 0:00:30]} 34. Qd4+ {[%emt 0:00:40]} Qe5 {[%emt 0:00:00]} 35. Qa7 {[%emt 0:00:08]} Rxg2+ {[%emt 0:02:00]} 36. Kxg2 {[%emt 0:00:49]} Qg3+ {[%emt 0:00:00]} 37. Kf1 {[%emt 0:00:00]} Nd2+ {[%emt 0:00:00]} 38. Rxd2 {[%emt 0:00:13]} Re1# {[%emt 0:00:00]} 0-1

[Event "World Junior U20 Open 2018"]
[Site "Gebze"]
[Date "2018.09.08"]
[Round "5.57"]
[White "Murphy, Conor E"]
[Black "Eren, Ataberk"]
[Result "1-0"]
[WhiteElo "2357"]
[BlackElo "2180"]
[Annotator "NA"]
[PlyCount "90"]
[EventDate "2018.09.05"]
[EventType "swiss"]
[EventCountry "TUR"]
[SourceTitle "playchess.com"]
[Source "ChessBase"]
[SourceQuality "1"]
[TimeControl "40/5400+30:1800+30"]

1. e4 {[%emt 0:05:30]} e6 {[%emt 0:00:30]} 2. d4 {[%emt 0:00:30]} d5 {[%emt 0:00:30]} 3. Nc3 {[%emt 0:00:30]} Nf6 {[%emt 0:00:00]} 4. e5 {[%emt 0:00:00]} Nfd7 {[%emt 0:00:00]} 5. f4 {[%emt 0:00:00]} c5 {[%emt 0:00:00]} 6. Nf3 {[%emt 0:00:00]} Nc6 {[%emt 0:00:00]} 7. Be3 {[%emt 0:00:00]} Be7 {[%emt 0:00:30]} 8. Qd2 {[%emt 0:00:30]} O-O {[%emt 0:00:00]} 9. dxc5 {[%emt 0:00:30]} Bxc5 {[%emt 0:01:00] C11: French: Classical System: 4 e5 and 4 Bg5 dxe4} (9... Qa5 10. a3 Bxc5 11. O-O-O Rd8 12. Bxc5 Nxc5 13. h4 Bd7 14. h5 h6 15. g4 Be8 16. Qe3 d4 17. Nxd4 Nxd4 18. Rxd4 {½-½ (26) Inarkiev,E (2689)-Volkov,S (2645) St Petersburg 2017}) 10. O-O-O {[%emt 0:03:00]} a6 {[%emt 0:03:30]} 11. Bxc5 {[%emt 0:10:30]} Nxc5 {[%emt 0:00:30]} 12. Kb1 {[%emt 0:08:30]} f5 $146 {[%emt 0:06:00]} ({Predecessor:} 12... b5 13. Nd4 Qb6 14. Nxc6 Qxc6 15. Qd4 Rb8 16. Bd3 b4 17. Ne2 {1-0 (57) Perez,M (2406)-Carraro,D (2128) Buenos Aires 2017}) 13. exf6 {[%emt 0:02:30]} Qxf6 {[%emt 0:00:30]} 14. g3 {[%emt 0:01:30]} Rd8 {[%emt 0:03:30]} 15. Nd4 {[%emt 0:18:30]} Bd7 {[%emt 0:01:30]} 16. Bg2 {[%emt 0:04:30]} Be8 {[%emt 0:13:30]} 17. Qe3 {[%emt 0:12:30]} Nxd4 {[%emt 0:25:30]} 18. Rxd4 {[%emt 0:06:30]} Rac8 {[%emt 0:06:30]} 19. f5 {[%emt 0:05:52]} Qxf5 $16 {[%emt 0:07:30]} 20. Rf1 Qg6 21. Nxd5 exd5 22. Bxd5+ Rxd5 23. Rxd5 Ne4 24. Rdf5 Bd7 25. Qxe4 Re8 26. b3 Bxf5 27. Qxf5 Re1+ 28. Kb2 Rxf1 29. Qxf1 h5 30. Qc4+ Kh8 31. Qc8+ Kh7 32. Qxb7 Qf6+ 33. Ka3 Qe5 34. Qf3 a5 35. Qd3+ g6 36. Qd7+ Kh6 37. Qd2+ g5 38. c4 Qc5+ 39. Ka4 Kg6 40. a3 g4 {[%emt 1:21:00]} 41. Qd3+ {[%emt 1:54:30]} Kh6 {[%emt 0:30:30]} 42. Qd5 {[%emt 0:00:30]} Qf2 {[%emt 0:00:30]} 43. c5 {[%emt 0:00:30]} Qxh2 {[%emt 0:00:30]} 44. Qd6+ {[%emt 0:00:30]} Kg7 {[%emt 0:00:30]} 45. c6 {[%emt 0:00:30]} Qe2 {[%emt 0:00:30]} 1-0

[Event "World Junior U20 Open 2018"]
[Site "Gebze"]
[Date "2018.09.08"]
[Round "5.58"]
[White "Piyumantha, M Sasith Nipun"]
[Black "Bashirli, Nail"]
[Result "0-1"]
[WhiteElo "2139"]
[BlackElo "2354"]
[Annotator "NA"]
[PlyCount "78"]
[EventDate "2018.09.05"]
[EventType "swiss"]
[EventCountry "TUR"]
[SourceTitle "playchess.com"]
[Source "ChessBase"]
[SourceQuality "1"]
[TimeControl "40/5400+30:1800+30"]

1. d4 {[%emt 0:00:30]} Nf6 {[%emt 0:00:30]} 2. c4 {[%emt 0:00:30]} e6 {[%emt 0:00:00]} 3. Nf3 {[%emt 0:00:00]} d5 {[%emt 0:00:00]} 4. cxd5 {[%emt 0:00:00]} exd5 {[%emt 0:00:30]} 5. Bg5 {[%emt 0:02:30]} Nbd7 {[%emt 0:01:30]} 6. Nc3 {[%emt 0:00:30]} Be7 {[%emt 0:02:30]} 7. e3 {[%emt 0:00:30]} c6 {[%emt 0:03:30]} 8. Bd3 {[%emt 0:00:00]} O-O {[%emt 0:00:00]} 9. Qc2 {[%emt 0:02:00]} Re8 {[%emt 0:03:00]} 10. O-O {[%emt 0:00:30]} Nf8 {[%emt 0:06:30]} 11. h3 {[%emt 0:00:30]} g6 {[%emt 0:14:30]} 12. Rab1 {[%emt 0:02:30]} Ne6 {[%emt 0:02:30]} 13. Bxf6 {[%emt 0:00:30]} Bxf6 {[%emt 0:00:30]} 14. b4 {[%emt 0:00:30] D36: Damengambit (Abtauschvariante)} a5 {[%emt 0:00:00]} 15. a3 {[%emt 0:00:30]} axb4 {[%emt 0:01:00]} 16. axb4 {[%emt 0:00:30]} b5 {[%emt 0:00:30]} 17. Ra1 {[%emt 0:09:30]} Bd7 {[%emt 0:20:30]} 18. Rxa8 {[%emt 0:08:30]} Qxa8 {[%emt 0:00:30]} 19. Qb2 {[%emt 0:00:30]} Ng5 $146 {[%emt 0:00:30]} ({Vorgänger:} 19... Qb7 20. Ra1 {½-½ (59) Wiley,T (2318)-Hammes,M (2390) Belgium 2007}) 20. Nxg5 {[%emt 0:00:30]} Bxg5 {[%emt 0:00:30]} 21. Ra1 {[%emt 0:00:30]} Qb8 {[%emt 0:00:30]} 22. Ne2 {[%emt 0:00:30]} Be7 {[%emt 0:00:30]} 23. Qc3 {[%emt 0:00:30]} Qb7 {[%emt 0:00:30]} 24. Qa3 {[%emt 0:00:30]} Qc7 {[%emt 0:00:30]} 25. Qc3 {[%emt 0:00:30]} Qd6 {[%emt 0:00:30]} 26. Ra7 {[%emt 0:00:30]} Rd8 {[%emt 0:00:30]} 27. Qc5 {[%emt 0:00:30]} Kf8 {[%emt 0:00:30]} 28. Ra1 {[%emt 0:00:30]} Qf6 {[%emt 0:00:30]} 29. Qc3 {[%emt 0:00:30]} Bd6 {[%emt 0:00:30]} 30. Bc2 {[%emt 0:00:30]} Qe7 {[%emt 0:00:30]} 31. Rb1 {[%emt 0:00:30]} Qg5 {[%emt 0:00:30]} 32. Kf1 {[%emt 0:16:30]} Re8 {[%emt 0:32:46]} 33. Nc1 {[%emt 0:00:30]} Re6 {[%emt 0:00:21]} 34. Nd3 {[%emt 0:00:30]} Rf6 {[%emt 0:04:08]} 35. Ne5 {[%emt 0:04:30]} Bf5 {[%emt 0:00:05]} 36. Nf3 $11 {[%emt 0:03:30]} ({Natürlich nicht} 36. Nxc6 Bxc2 37. Qxc2 Qxe3 $15) 36... Qh5 {[%emt 0:00:26]} 37. Bxf5 {[%emt 0:00:30]} Qxf5 {[%emt 0:00:10]} 38. Ra1 {[%emt 0:00:30]} Kg7 {[%emt 0:01:24]} 39. Qxc6 {[%emt 0:03:30]} Qd3+ {[%emt 0:00:10]} 0-1

[Event "World Junior U20 Open 2018"]
[Site "Gebze"]
[Date "2018.09.08"]
[Round "5.59"]
[White "Gulden, Egemen"]
[Black "Murzin, Volodar"]
[Result "0-1"]
[WhiteElo "2068"]
[BlackElo "2349"]
[Annotator "NA"]
[PlyCount "76"]
[EventDate "2018.09.05"]
[EventType "swiss"]
[EventCountry "TUR"]
[SourceTitle "playchess.com"]
[Source "ChessBase"]
[SourceQuality "1"]
[TimeControl "40/5400+30:1800+30"]

1. e4 {[%emt 0:00:30]} c6 {[%emt 0:00:30]} 2. d4 {[%emt 0:03:30]} d5 {[%emt 0:00:30]} 3. exd5 {[%emt 0:01:30]} cxd5 {[%emt 0:00:30]} 4. Bd3 {[%emt 0:00:30]} g6 {[%emt 0:00:30]} 5. c3 {[%emt 0:01:30]} Bf5 {[%emt 0:01:30]} 6. Bxf5 {[%emt 0:03:30]} gxf5 {[%emt 0:03:30]} 7. Bf4 {[%emt 0:01:30]} Nc6 {[%emt 0:00:30]} 8. Nf3 {[%emt 0:01:30]} Bg7 {[%emt 0:00:30]} 9. Nbd2 {[%emt 0:02:30]} e6 {[%emt 0:01:30]} 10. Qe2 {[%emt 0:01:30]} Nge7 {[%emt 0:01:30]} 11. Qe3 {[%emt 0:11:30]} h5 {[%emt 0:12:30]} 12. Ne5 {[%emt 0:08:30]} Nxe5 {[%emt 0:00:00]} 13. dxe5 {[%emt 0:00:30]} Qb6 {[%emt 0:12:00]} 14. Qxb6 {[%emt 0:08:30]} axb6 {[%emt 0:00:30]} 15. Nf3 {[%emt 0:00:30]} Ng6 {[%emt 0:00:30]} 16. Be3 {[%emt 0:00:30]} Nxe5 {[%emt 0:05:30]} 17. Nxe5 {[%emt 0:00:30]} Bxe5 {[%emt 0:00:00]} 18. Bxb6 {[%emt 0:00:00]} Kd7 {[%emt 0:00:00]} 19. a4 {[%emt 0:08:00]} Ra6 {[%emt 0:05:30]} 20. a5 {[%emt 0:06:30]} Rha8 {[%emt 0:00:30]} 21. Rd1 {[%emt 0:07:30]} Bc7 {[%emt 0:01:30]} 22. Bxc7 {[%emt 0:04:30]} Kxc7 {[%emt 0:01:30]} 23. b4 {[%emt 0:00:30]} b6 {[%emt 0:07:30]} 24. axb6+ {[%emt 0:05:30]} Kxb6 {[%emt 0:00:30]} 25. h4 {[%emt 0:01:30]} Ra1 {[%emt 0:07:30]} 26. Ke2 {[%emt 0:07:39]} R1a2+ {[%emt 0:00:30]} 27. Ke3 {[%emt 0:00:33]} R8a3 {[%emt 0:04:30]} 28. Rd3 {[%emt 0:02:00]} e5 {[%emt 0:02:30]} 29. g3 {[%emt 0:05:13]} d4+ {[%emt 0:02:30]} 30. cxd4 {[%emt 0:02:16]} f4+ {[%emt 0:00:30]} 31. gxf4 {[%emt 0:01:39]} exf4+ {[%emt 0:00:30]} 32. Kxf4 {[%emt 0:01:13]} Rxd3 {[%emt 0:00:00]} 33. Ke4 {[%emt 0:00:00]} Rad2 {[%emt 0:00:00]} 34. f4 {[%emt 0:00:04]} Rxd4+ {[%emt 0:00:30]} 35. Kf5 {[%emt 0:00:04]} Rd5+ {[%emt 0:00:30]} 36. Kf6 {[%emt 0:00:30]} Rf2 {[%emt 0:00:00]} 37. Kxf7 {[%emt 0:00:15]} Rd6 {[%emt 0:00:00]} 38. Ke7 {[%emt 0:00:43]} Rh6 {[%emt 0:00:30]} 0-1